Türkmen valiler, Şirazlı ustalar, Osmanlı okurlar (Record no. 1223)

MARC details
000 -BAŞLIK
Sabit Uzunlukta Kontrol Alanı 00962na a2200301 4500
001 - KONTROL NUMARASI
Denetim Alanı 16490
003 - KONTROL NUMARASI IDENTIFIER
Denetim Alanı MIRAKIL
005 - SON İŞLEM TARİHİ VE ZAMANI
Denetim Alanı 20181213154815.0
008 - SABİT-BOY VERİ ELEMANLARI - GENEL BİLGİLER
Sabit Uzunlukta Kontrol Alanı 161007b tu 000 0
020 ## - ULUSLARARASI STANDART KİTAP NUMARASI
Uluslararası Standart Kitap Numarası 975458964x
040 ## - KATALOGLAMA KAYNAK
Orijinal Kataloglama Ajansı Milas
Kataloglama Dili tur
Metne Dönüştürmek Ajansı TR-AnCHP
041 ## - DİL KODU
Metin / Ses Parça Veya Ayrı Başlığın Dil Kodu tur
082 ## - DEWEY ONLU SINIFLANDIRMA NUMARASI
Sınıflandırma Numarası 759.0955
Ürün Numarası U48t 2006
090 ## - SINIFLAMA NUMARASI
Sınıflama Numarası 759.0955 U48t 2006
100 ## - ANA GİRİŞ - KİŞİSEL İSİM
Kişisel Ad Uluç, Lâle
245 ## - BAŞLIK TABLOSU
Başlık Türkmen valiler, Şirazlı ustalar, Osmanlı okurlar
Başlığın Kalan XVI. yüzyıl Şiraz elyazmaları
246 ## - UNVAN FORM VARYING
Başlık Doğru / Kısa Başlığı XVI. yüzyıl Şiraz elyazmaları
260 ## - YAYIN, DAĞITIM, VB
Yayın, Dağıtım, Vb Yeri İstanbul
Yayıncı, Dağıtıcı, Vs Adı İş Bankası
Yayın, Dağıtım, Vb Tarihi 2006
300 ## - FİZİKSEL TANIM
Kapsam 531 s.
Diğer Fiziksel Ayrıntıları res.; fotğ.
Boyutlar 32 sm.
440 ## - SERİSİ TABLOSU / KATMA GİRİŞİ - BAŞLIK
Başlık Türkiye İş Bankası Kültür yayınları
490 ## - SERİSİ TABLOSU
Seri Beyanı İş Bankası Kültür yayınları
Hacim / Ardışık Tanımı 1117
500 ## - GENEL NOT
Genel Not Kaynakça ve dizin var.
650 ## - KONU KATMA GİRİŞ - TOPİKAL DÖNEM
Topikal Süreli Veya Coğrafi Ad Giriş Elemanı El yazmaları
Genel Alt Bölümü Tarih
Coğrafi Alt Bölümü Şiraz
650 ## - KONU KATMA GİRİŞ - TOPİKAL DÖNEM
Topikal Süreli Veya Coğrafi Ad Giriş Elemanı Minyatür sanatı
Genel Alt Bölümü Tarih
Coğrafi Alt Bölümü İran
650 ## - KONU KATMA GİRİŞ - TOPİKAL DÖNEM
Topikal Süreli Veya Coğrafi Ad Giriş Elemanı Hat sanatı
Genel Alt Bölümü Tarih
Coğrafi Alt Bölümü İran
650 ## - KONU KATMA GİRİŞ - TOPİKAL DÖNEM
Topikal Süreli Veya Coğrafi Ad Giriş Elemanı Güzel sanatlar
Genel Alt Bölümü Tarih
942 ## - EKLENDİ GİRİŞ ELEMANLARI (KOHA)
Sınıflandırma Veya Raf Düzeni Kaynak Dewey Decimal Classification
Koha Öğesi Türü Books
999 ## - SİSTEM KONTROL NUMARALARI (KOHA)
Koha Biblionumber 1223
Koha Biblioitemnumber 1223
Holdings
Kalıcı Konum Mevcut Konum Edinme Tarihi Edinim Kaynak Toplam Check-Out'Lar Tam Çağrı Numarası Barkod Tarih Son Görülme İtibaren Geçerli Fiyatlar Koha Öğesi Türü
CHP Kütüphanesi CHP Kütüphanesi 10/07/2016 Bağış   759.0955 U48t 2006 005701 10/07/2016 10/07/2016 Books